000
nam a22 7a 4500
999
_c
234159
_d
234159
003
Nust
005
20170314160935.0
008
170314b xxu||||| |||| 00| 0 eng d
020
_a
81-7758-641-6
040
_c
ASAB
082
_a
572.8
245
_a
introduction to bioinformatics
_c
T.K. Attwood
300
_a
235 p
942
_2
ddc
_c
BK